000 00333nam a2200145Ia 4500
008 181130s2018 xx 000 0 und d
100 _aFukuyama, Francis
245 _aThe last English civil war
260 _c2018
300 _ap.15-24.
504 _dWinter
650 _aCivil war
773 _aDaedalus
906 _aCivil war
999 _c506607
_d506607